000 00511nam a2200181Ia 4500
003 OSt
005 20200212141253.0
008 190216s9999||||xx |||||||||||||| ||und||
040 _coclc
082 _a297
_bRAN/C
100 _aRandathani, Husain
_91881
245 0 _aChrithramuthukal /
_cHusain Randathani
250 _a2nd ed.
260 _bPoomkavanam Books Publishers,
_c2011.
_aCalicut:
300 _a96p
650 _xIslamic History
942 _cBK
_2ddc
_h297
_iRAN/C
_k297
_mRAN/C
999 _c22813
_d22813